[Event "To Finish Quickly?"]
[Site "http://www.queenalice.com/game.php?id=373229"]
[Date "2008.3.18"]
[Round "-"]
[White "pviaro"]
[Black "crashlanding"]
[Result "0-1"]
[WhiteElo "1866"]
[BlackElo "1484"]

1. e4 b6 2. d4 Bb7 3. Nc3 Nf6 4. Bd3 d6 5. Bf4 e6 6. Nf3 Nbd7 7. e5 Nd5 8. Nxd5
Bxd5 9. Ng5 Bxg2 10. Rg1 Bc6 11. Nxf7 Kxf7 0-1

[Event "Let's Play Chess!"]
[Site "http://www.queenalice.com/game.php?id=373446"]
[Date "2008.3.19"]
[Round "-"]
[White "spawnwolfwolverine"]
[Black "crashlanding"]
[Result "0-1"]
[WhiteElo "1541"]
[BlackElo "1582"]

1. d4 d5 2. e3 Nf6 3. Nf3 Nc6 4. Bb5 Bd7 5. O-O Nb4 6. Bxd7+ Qxd7 7. c3 Nc6 8.
b3 e6 9. Ba3 Be7 10. Bxe7 Qxe7 11. a4 O-O 12. Nbd2 e5 13. dxe5 Ne4 14. b4 Nxc3
15. Qc2 Qxb4 16. Nd4 Nxd4 17. exd4 Ne2+ 18. Kh1 Nxd4 19. Qa2 c6 20. f4 b5 21.
axb5 Nxb5 22. Rab1 Qa3 23. Qxa3 Nxa3 24. Rb7 a5 25. g3 c5 26. Ra1 Nc2 27. Rc1
Rfb8 28. Rxb8+ Rxb8 29. Rxc2 c4 30. Nf3 a4 31. Nd4 a3 32. Ra2 Rb1+ 33. Kg2 Rb2+
34. Rxb2 axb2 35. h4 b1=Q 36. Kh3 h5 37. g4 Qd3+ 38. Kg2 hxg4 39. Nf5 Qf3+ 40.
Kh2 Qh3+ 41. Kg1 g3 42. Nxg3 Qxg3+ 43. Kf1 c3 44. f5 c2 45. f6 c1=Q+ 46. Ke2
Qge3# 0-1

[Event "Let's Play Chess!"]
[Site "http://www.queenalice.com/game.php?id=373777"]
[Date "2008.3.19"]
[Round "-"]
[White "charles31"]
[Black "crashlanding"]
[Result "1-0"]
[WhiteElo "1828"]
[BlackElo "1500"]

1. Nf3 Nf6 2. d4 g6 3. Nc3 Bg7 4. e4 d6 5. Bf4 O-O 6. Bc4 e6 7. Qd2 d5 8. exd5
exd5 9. Bb3 Ne4 10. Nxe4 dxe4 11. Ne5 Nc6 12. Nxc6 bxc6 13. O-O c5 14. d5 Bxb2
15. Rab1 Qf6 16. Bxc7 Ba6 17. Rfe1 Bc3 18. Qe3 Bxe1 19. Rxe1 Qd4 20. d6 Bb5 21.
c4 Bc6 22. Qf4 Rfe8 23. h3 a5 24. a4 Kg7 25. Rd1 Qc3 26. d7 Bxd7 27. Rxd7 Qxb3
28. Qxf7+ Kh6 29. Qxh7+ Kg5 30. Rd5+ Kf6 31. Be5+ Rxe5 32. Rd6+ Re6 33. Qh4+ Kf7
34. Rd7+ Ke8 35. Rg7 Rf6 36. Qxf6 Ra7 37. Qe6+ 1-0

[Event "Let's Play Chess!"]
[Site "http://www.queenalice.com/game.php?id=375339"]
[Date "2008.3.22"]
[Round "-"]
[White "spawnwolfwolverine"]
[Black "crashlanding"]
[Result "0-1"]
[WhiteElo "1686"]
[BlackElo "1641"]

1. d4 Nf6 2. e3 e6 3. Nf3 d5 4. Be2 Bd6 5. O-O O-O 6. b3 Qe7 7. Nbd2 Ba3 8. Bxa3
Qxa3 9. c4 c5 10. h3 Nc6 11. dxc5 Qxc5 12. cxd5 Nxd5 13. e4 Nc3 14. Qe1 Rd8 15.
Nc4 Nxe4 16. Nh2 Nb4 17. Ne3 b6 18. Bf3 Bb7 19. Bxe4 Bxe4 20. Nc4 Bd3 21. Qe3
Qxe3 22. fxe3 Bxf1 23. Kxf1 Rd3 24. Nb2 Rxe3 25. Rc1 Nxa2 26. Rc7 Rc3 27. Nc4
Rxb3 28. Nd6 a5 29. Rxf7 a4 30. Re7 Kf8 31. Rxe6 a3 32. Nc4 Rd8 33. Rxb6 Rc3 34.
Ne5 Rc2 35. Nef3 Rd1+ 36. Ne1 Nc1 37. Rb8+ Ke7 38. Rb7+ Kd6 39. Rb6+ Kc5 40. Rb1
a2 41. Rxc1 Rcxc1 42. Nf3 a1=Q 43. Kf2 Qa2+ 44. Kg3 Rxe1 45. Nxe1 Rxe1 46. h4 h5
47. Kh3 Rg1 48. Kg3 Qxg2+ 49. Kf4 Kd4 50. Kf5 Qe4# 0-1

[Event "2"]
[Site "http://www.queenalice.com/game.php?id=375341"]
[Date "2008.3.22"]
[Round "-"]
[White "mpangoni"]
[Black "crashlanding"]
[Result "0-1"]
[WhiteElo "1370"]
[BlackElo "1665"]

1. d4 Nf6 2. Nc3 d5 3. Nf3 e6 4. e3 Nc6 5. b3 Ne4 6. Bb2 Bb4 7. Qd3 Nd6 8. Be2
O-O 9. a3 Bxc3+ 10. Bxc3 b5 11. O-O a5 12. a4 Ba6 13. Qd2 Ne4 14. Qc1 Nxc3 0-1

[Event "3"]
[Site "http://www.queenalice.com/game.php?id=375417"]
[Date "2008.3.22"]
[Round "-"]
[White "bingchess"]
[Black "crashlanding"]
[Result "0-1"]
[WhiteElo "1100"]
[BlackElo "1476"]

1. d4 Nf6 2. Nc3 d5 3. Bf4 Nc6 4. e3 Ne4 5. Nxe4 dxe4 6. Bc4 e6 7. Ne2 Bd6 8. d5
Ne5 9. Bb5+ Bd7 10. Nc3 Bxb5 11. Nxb5 Nc4 12. g3 Nxb2 13. Qd4 Qf6 14. Qxf6 gxf6
15. Nxd6+ cxd6 16. Bxd6 exd5 17. Rb1 Nc4 18. Bf4 O-O-O 19. O-O Nd2 20. Rfd1 Nxb1
21. Rxb1 d4 22. Rb4 d3 23. cxd3 exd3 24. e4 d2 25. Bxd2 Rxd2 26. Ra4 a6 27. Ra5
Re8 28. f3 Kb8 29. Rc5 b6 30. Rc1 f5 31. exf5 Re3 32. f4 h5 33. Rb1 Kb7 34. a4
Ra3 35. f6 Rxa4 36. Kf1 b5 37. Ke1 Rda2 38. h3 Rh2 39. h4 Re4+ 40. Kf1 Rhe2 41.
g4 hxg4 42. h5 g3 43. h6 Rf2+ 44. Kg1 Rh2 45. Rf1 Rxh6 46. Kg2 Rxf6 47. Kxg3 a5
48. f5 Rd6 49. Kf3 Rc4 50. Ke3 Kb6 51. f6 a4 52. Re1 Ka5 53. Ke2 b4 54. Rd1 Re4+
55. Kf1 Rxf6+ 56. Kg2 Rg4+ 57. Kh3 Rg8 58. Rd4 b3 59. Rg4 Rgg6 60. Rxg6 Rxg6 61.
Kh2 b2 62. Kh1 b1=Q+ 63. Kh2 Qg1+ 64. Kh3 Rh6# 0-1

[Event "Challenge"]
[Site "http://www.queenalice.com/game.php?id=375440"]
[Date "2008.3.23"]
[Round "-"]
[White "crashlanding"]
[Black "bingchess"]
[Result "1-0"]
[WhiteElo "1482"]
[BlackElo "1088"]

1. Nf3 e6 2. g3 f5 3. Bg2 b6 4. Ne5 c6 5. O-O Qc7 6. Nf3 Ba6 7. d3 c5 8. Nd4
cxd4 9. Bxa8 Bb7 10. Bxb7 Qxb7 11. c3 Nc6 12. cxd4 Nxd4 13. Be3 Bc5 14. Bxd4
Bxd4 15. Nc3 a5 16. Qa4 e5 17. e3 Bc5 18. e4 Ne7 19. exf5 Nxf5 20. Rae1 Bd6 21.
Ne4 Bc7 22. f3 b5 23. Qd1 b4 24. d4 Bb6 25. Nc5 Qd5 26. Rxe5+ Ne7 27. Rxd5 Nxd5
28. Qe2+ Ne7 29. Qb5 Bxc5 30. dxc5 Nc6 31. Re1+ Kd8 32. Qb6+ Kc8 33. a3 Nd4 34.
Kg2 Rf8 35. axb4 axb4 36. Ra1 d6 37. Ra7 Rd8 38. Qc7# 1-0

[Event "Challenge"]
[Site "http://www.queenalice.com/game.php?id=375895"]
[Date "2008.3.23"]
[Round "-"]
[White "bingchess"]
[Black "crashlanding"]
[Result "0-1"]
[WhiteElo "1086"]
[BlackElo "1483"]

1. e3 e5 2. Qf3 Nc6 3. e4 Nf6 4. Nc3 Nd4 5. Qd3 d5 6. f3 Bc5 7. exd5 Nxd5 8. Ne4
Nb4 9. Kd1 Nbxc2 10. Rb1 Nb4 11. Qc3 Qe7 12. Nxc5 Nxa2 13. Ne2 Nxc3+ 14. bxc3
Qxc5 15. cxd4 exd4 16. Bb2 d3 17. Nc3 O-O 18. Ne4 Qc2+ 19. Ke1 Qxb1+ 20. Kf2
Qxb2 21. Bxd3 Bf5 22. Nc5 Qxd2+ 23. Be2 Qd4+ 24. Ke1 Qa1+ 25. Bd1 Qa4 26. Bxa4
Rad8 27. Nd7 Rfe8+ 28. Kf2 c6 29. Nc5 b5 30. Rd1 Rxd1 31. Bxd1 a5 32. g4 Bg6 33.
h4 h5 34. gxh5 Bxh5 35. Bc2 Re5 36. Nd3 Rf5 37. Ne1 a4 38. Bxf5 a3 39. Nc2 a2
40. Bd7 b4 41. Nxb4 a1=Q 42. Nxc6 Qc3 43. Ne7+ Kf8 44. Bg4 Bxg4 45. fxg4 Kxe7
46. g5 Qh3 47. g6 fxg6 48. Ke2 Kd6 49. Kd2 Kd5 50. Ke2 Kd4 51. h5 Qxh5+ 52. Kf2
Ke4 0-1

[Event "4"]
[Site "http://www.queenalice.com/game.php?id=377808"]
[Date "2008.3.27"]
[Round "-"]
[White "spawnwolfwolverine"]
[Black "crashlanding"]
[Result "1-0"]
[WhiteElo "1670"]
[BlackElo "1675"]

1. d4 d5 2. e3 Nf6 3. Nf3 Bf5 4. Be2 Nbd7 5. O-O c5 6. c3 c4 7. Nbd2 b5 8. b3
Qc7 9. bxc4 bxc4 10. a4 e5 11. Nxe5 Ne4 12. Nxd7 Qxd7 13. Bb2 Qe6 14. Nxe4 Qxe4
15. Ba3 Bh3 16. Bf3 Qf5 17. Bxf8 Rxf8 18. a5 Qg5 19. Qa4+ Bd7 20. Qb4 h5 21. g3
h4 22. Bg2 h3 23. Bh1 Rh8 24. a6 g6 25. f4 Qf5 26. Ra5 g5 27. Rc5 Qd3 28. Re1
Qd2 29. Kf1 gxf4 30. exf4+ Kd8 31. Qa5# 1-0

[Event "here we go again..."]
[Site "http://www.queenalice.com/game.php?id=377883"]
[Date "2008.3.27"]
[Round "-"]
[White "crashlanding"]
[Black "bingchess"]
[Result "0-1"]
[WhiteElo "1696"]
[BlackElo "1179"]

1. e4 Nc6 2. d4 Nf6 3. Nc3 e5 4. d5 Nd4 5. Nf3 Bc5 6. Be3 O-O 7. Bd3 a6 8. Nxe5
d6 9. Nc4 b5 10. Na5 c6 11. dxc6 b4 12. Nd5 Qxa5 13. Ne7+ Kh8 14. Bg5 d5 15.
Bxf6 gxf6 16. exd5 Bxe7 17. Qh5 f5 18. g4 Qxd5 19. Rg1 Nf3+ 20. Ke2 Nxg1+ 21.
Rxg1 Rg8 22. c4 Qe5+ 23. Kf1 Qxb2 24. Be2 Qxa2 25. Rg3 b3 26. Rh3 Rg7 27. gxf5
f6 28. Bd1 b2 29. Qe8+ Rg8 30. Qxe7 Qxc4+ 31. Ke1 Bxf5 32. Qxf6+ Rg7 33. Qxf5
Qb4+ 34. Ke2 b1=Q 0-1

[Event "Let's Play Chess!"]
[Site "http://www.queenalice.com/game.php?id=379033"]
[Date "2008.3.29"]
[Round "-"]
[White "charles31"]
[Black "crashlanding"]
[Result "0-1"]
[WhiteElo "1767"]
[BlackElo "1694"]

1. b3 d6 2. e4 c5 3. Bb5+ Bd7 4. Bxd7+ Nxd7 5. Bb2 e5 6. Nf3 Ngf6 7. d3 b5 8.
Nc3 Qa5 9. O-O Be7 10. Nh4 g6 11. Qf3 O-O-O 12. h3 Rdg8 13. Qe3 Qb6 14. Nf3 a5
15. a4 b4 16. Nd5 Nxd5 17. Qe1 Nf4 18. Bc1 Ne6 19. c3 h6 20. Bd2 Nc7 21. cxb4
cxb4 22. Be3 Qa6 23. Qd2 g5 24. Nh2 Nc5 25. Bxc5 dxc5 26. Rac1 Qe6 27. Qe3 Na6
28. d4 exd4 29. Qf3 Rd8 30. Rfe1 Rhe8 31. e5 d3 32. Qa8+ Kc7 33. Qa7+ Kc8 34.
Rcd1 Rd7 35. Qa8+ Nb8 36. Qe4 d2 37. Re2 Red8 38. Nf3 g4 39. hxg4 Bg5 40. Qc2
Qxg4 41. Qxc5+ Rc7 42. Qxa5 Rc1 43. Rxd2 Rxd1+ 44. Rxd1 Rxd1+ 45. Kh2 Qf4+ 46.
g3 Qxf3 47. Qc5+ Nc6 48. Qf8+ Bd8 0-1

[Event "7"]
[Site "http://www.queenalice.com/game.php?id=379058"]
[Date "2008.3.29"]
[Round "-"]
[White "sioux"]
[Black "crashlanding"]
[Result "1-0"]
[WhiteElo "1655"]
[BlackElo "1725"]

1. d4 c5 2. Nf3 d6 3. e3 a6 4. Bc4 Nc6 5. Nbd2 b5 6. Bd5 Bb7 7. O-O e6 8. Bxc6+
Bxc6 9. c3 c4 10. b4 a5 11. Ba3 Ne7 12. bxa5 Rxa5 13. Bb4 Ra4 14. a3 Nd5 15. h3
Nxb4 16. axb4 Rxa1 17. Qxa1 Be7 18. Qa6 Bxf3 19. Nxf3 Qd7 20. Ra1 O-O 21. Ra5 e5
22. Rxb5 Qf5 23. Ra5 Qb1+ 24. Kh2 d5 25. Rxd5 Bxb4 26. cxb4 c3 27. Rc5 c2 28.
Qc6 e4 29. Ng5 h6 30. Nxe4 f5 31. Ng3 f4 32. exf4 Rxf4 33. Rxc2 Qxb4 34. d5 Rd4
35. Nf5 Rd2 36. f3 Qf4+ 37. Ng3 1-0

[Event "Let's Play Chess!"]
[Site "http://www.queenalice.com/game.php?id=383315"]
[Date "2008.4.6"]
[Round "-"]
[White "enrikov"]
[Black "crashlanding"]
[Result "1-0"]
[WhiteElo "1850"]
[BlackElo "1696"]

1. c4 c5 2. Nc3 Nf6 3. Nf3 Nc6 4. d4 d6 5. d5 Na5 6. Qa4+ Bd7 7. Qc2 Nxc4 8. e4
b5 9. Nxb5 a6 10. Nc3 Bb5 11. Nxb5 axb5 12. Bxc4 Qa5+ 13. Bd2 Qa4 14. Qxa4 bxa4
15. Bb5+ Nd7 16. Bxd7+ Kxd7 17. O-O g6 18. Bc3 f6 19. Nd2 h5 20. Nc4 Bg7 21.
Nb6+ Kc7 22. Nxa8+ Rxa8 23. f4 a3 24. b3 1-0

[Event "9"]
[Site "http://www.queenalice.com/game.php?id=383341"]
[Date "2008.4.7"]
[Round "-"]
[White "jovy1097"]
[Black "crashlanding"]
[Result "1-0"]
[WhiteElo "1819"]
[BlackElo "1651"]

1. c4 c5 2. Nc3 Nc6 3. Nf3 d6 4. d4 b6 5. d5 Ne5 6. e4 e6 7. Be2 Ba6 8. b3 b5 9.
Nd2 Qf6 10. O-O b4 11. Na4 Nf3+ 12. Bxf3 Qxa1 13. dxe6 Qxa2 14. exf7+ Kxf7 15.
Bh5+ g6 16. Bb2 Bg7 17. Qf3+ Nf6 18. Ra1 Qxa1+ 19. Bxa1 Rhf8 20. Bg4 1-0